000 00603nam a2200181 4500
001 113790
003 ES-MaACL
005 20250907063101.0
007 t|
008 061121s1935 mx r ||||1| spa d
100 1 _aCárdenas, Lázaro,
_d1895-1970
_9153837
245 1 0 _aLázaro Cárdenas, Presidente de la República Mexicana
_b: entrevistado por el Lic. Senador Ezequiel Padilla.
260 _aMéxico :
_bSecretaría de Relaciones Exteriores,
_c1935.
300 _a17 p. ;
_c23 cm.
700 1 _aPadilla , Ezequiel.
_9217563
852 _aES-MaACL
_j1818-F-17
999 _c113790
_d113790